000 00211 a2200097 4500
001 51490
100 _aSchuon F
245 _aUnderstanding Islam
260 _aLahore
_bSuhail Academy
_c
090 _c32614
_d32614
942 _aNUST-CAE
_cM
_c25130
999 _c286563
_d286563